Southville International School and Colleges
Your cart is empty.
  • Cart
  • Lists
    Public lists Eva Luna New books Lux_list list_1
    Your lists Log in to create your own lists
  • Log in to your account
  • Your cookies
  • Search history
Southville International School and Colleges
  • Advanced search
  • Recent comments
  • Most popular
  • Libraries

Log in to your account

Log in with GOOGLE


If you do not have an external account, but do have a local account, you can still log in:

  1. Home
  2. MARC view: Great mathematicians and astronomers :
Normal view MARC view ISBD view

Great mathematicians and astronomers : (Record no. 291801)

[ view plain ]
MARC details
000 -LEADER
fixed length control field 00611nam a2200241Ia 4500
008 - FIXED-LENGTH DATA ELEMENTS--GENERAL INFORMATION
fixed length control field 160319s9999 xx 000 0 und d
020 ## - INTERNATIONAL STANDARD BOOK NUMBER
International Standard Book Number 971-90817-06
050 ## - LIBRARY OF CONGRESS CALL NUMBER
Classification number FIL QA 28
050 ## - LIBRARY OF CONGRESS CALL NUMBER
Item number .A43 2002
100 ## - MAIN ENTRY--PERSONAL NAME
Personal name Alba, Rene.
245 ## - TITLE STATEMENT
Title Great mathematicians and astronomers :
245 ## - TITLE STATEMENT
Remainder of title part one /
245 ## - TITLE STATEMENT
Statement of responsibility, etc Rene Alba.
250 ## - EDITION STATEMENT
Edition statement Student Edition
260 ## - PUBLICATION, DISTRIBUTION, ETC. (IMPRINT)
Place of publication, distribution, etc Quezon City:
260 ## - PUBLICATION, DISTRIBUTION, ETC. (IMPRINT)
Name of publisher, distributor, etc Curriculum Pub.,
260 ## - PUBLICATION, DISTRIBUTION, ETC. (IMPRINT)
Date of publication, distribution, etc 2002
300 ## - PHYSICAL DESCRIPTION
Extent 115 pages :
300 ## - PHYSICAL DESCRIPTION
Other physical details illustrations ;
300 ## - PHYSICAL DESCRIPTION
Dimensions 20 cm.
650 ## - SUBJECT ADDED ENTRY--TOPICAL TERM
Topical term or geographic name as entry element Mathematics -- Biography.
650 ## - SUBJECT ADDED ENTRY--TOPICAL TERM
General subdivision Astronomers -- Biography.
Holdings
Withdrawn status Lost status Damaged status Home library Current library Shelving location Date acquired Total Checkouts Full call number Barcode Date last seen Price effective from Koha item type
      South Mansfield College South Mansfield College Filipiniana Section 03/07/2011   FIL QA 28 .A43 2002 SMC00319 03/19/2016 03/19/2016  

Great mathematicians and astronomers :

APA

Alba R., .Great mathematicians and astronomers. Quezon City: .

Chicago

Alba Rene, .Great mathematicians and astronomers. Quezon City: .

Harvard

Alba R., .Great mathematicians and astronomers. Quezon City: .

MLA

Alba Rene, .Quezon City: . .

  • Place hold
  • Print
  • Cite
  • Add to your cart (remove)
  • Save record
    BIBTEX Dublin Core MARCXML MARC (non-Unicode/MARC-8) MARC (Unicode/UTF-8) MARC (Unicode/UTF-8, Standard) MODS (XML) RIS
  • More searches
    Search for this title in:
    Other Libraries (WorldCat) Other Databases (Google Scholar) Online Stores (Bookfinder.com) Open Library (openlibrary.org)

Exporting to Dublin Core...

SOUTHVILLE LIBRARY

Southville International School and Colleges Library

1281 Tropical Ave. Cor. Luxembourg St., BF Homes International, Las Pinas City

Tel. No. 8256374 / 252358 Loc. 117/146

Powered by Koha